[Event "Challenge"]
[Site "http://www.queenalice.com/game.php?id=1591829"]
[Date "2019.12.2"]
[Round "-"]
[White "rumplestiltskin"]
[Black "roseej"]
[Result "1-0"]
[WhiteElo "1728"]
[BlackElo "1773"]

1. e4 c5 2. f4 d6 3. Nf3 g6 4. Nc3 Bg7 5. d4 b6 6. Bb5+ Bd7 7. Bc4 h6 8. O-O e6
9. Re1 Ne7 10. h3 O-O 11. Ne2 Nbc6 12. c3 d5 13. Bd3 dxe4 14. Bxe4 f5 15. Bd3
Nd5 16. a3 a5 17. g3 Qc7 18. c4 Nde7 19. b3 cxd4 20. Bb2 Qd6 21. Bc2 Rab8 22.
Nexd4 Nxd4 23. Bxd4 Bxd4+ 24. Nxd4 Qc5 25. Re5 Nd5 26. cxd5 exd5 27. b4 axb4 28.
a4 Rbe8 29. Kh2 1-0

[Event "Challenge"]
[Site "http://www.queenalice.com/game.php?id=1593069"]
[Date "2019.12.15"]
[Round "-"]
[White "roseej"]
[Black "Excsiu"]
[Result "0-1"]
[WhiteElo "1766"]
[BlackElo "1757"]

1. e4 e5 2. Nf3 Nc6 3. Nc3 Nf6 4. d3 Bb4 5. a3 Bxc3+ 6. bxc3 d5 7. Qe2 O-O 8.
Bg5 Qd6 9. d4 exd4 10. Nxd4 Qe5 11. Bxf6 Qxf6 12. Nb5 Re8 13. f3 Bg4 14. h3 Rxe4
15. hxg4 Rxe2+ 16. Bxe2 Re8 17. Rd1 Qe5 18. Rd2 a6 19. Nd4 Nxd4 20. cxd4 Qg3+
21. Kf1 b6 22. Rd1 Qd6 23. a4 Qc6 24. Bd3 Qxa4 25. Bxh7+ Kf8 26. Kf2 g6 27. Rd2
c5 28. dxc5 bxc5 29. c3 Qf4 30. Re2 Rd8 31. g3 Qc4 32. Re3 d4 33. cxd4 cxd4 34.
Re2 d3 35. Re4 Qc2+ 36. Ke3 d2 37. Bxg6 Qc5+ 0-1

[Event "Challenge"]
[Site "http://www.queenalice.com/game.php?id=1598820"]
[Date "2020.2.9"]
[Round "-"]
[White "Mr_SPOCK"]
[Black "roseej"]
[Result "0-1"]
[WhiteElo "1638"]
[BlackElo "1755"]

1. e4 c5 2. e5 Nc6 3. Nf3 d6 4. Bb5 a6 5. Ba4 b5 6. Bxb5 axb5 7. exd6 exd6 8.
O-O Be6 9. Nc3 Ra5 10. d4 cxd4 11. Ne4 Rxa2 12. Bg5 f6 13. Bh4 Rxb2 14. Nxd4
Nxd4 15. Qxd4 Rxc2 16. Bg3 Rc4 17. Qe3 Rc6 18. Rfd1 d5 19. Nc3 Bc5 20. Qe2 Ne7
21. Nxb5 O-O 22. h4 Nf5 23. Bf4 Nxh4 24. Qh5 Qb6 25. Be3 Bxe3 26. Rf1 Qxb5 27.
Qxh4 Rc4 28. Qg3 Bf4 29. Qh4 Be5 30. Ra5 Rxh4 31. Rxb5 Bh2+ 32. Kh1 Bd6+ 33. Kg1
Bh2+ 34. Kh1 Bc7+ 35. Kg1 Rb8 36. Rxb8+ Bxb8 37. g3 Re4 38. Kg2 d4 39. Rd1 Bc4
40. f3 Re2+ 41. Kh3 Be6+ 42. g4 Rh2# 0-1

[Event "Challenge"]
[Site "http://www.queenalice.com/game.php?id=1759715"]
[Date "2021.5.17"]
[Round "-"]
[White "jenyasm"]
[Black "roseej"]
[Result "1-0"]
[WhiteElo "1559"]
[BlackElo "1750"]

1. e4 Nc6 2. d4 e5 3. d5 Nd4 4. Nc3 c5 5. Bb5 Nxb5 6. Nxb5 Qa5+ 7. Nc3 b5 8. a3
b4 9. Na2 b3+ 10. Bd2 bxc2 11. Bxa5 cxd1=Q+ 12. Rxd1 d6 13. Nf3 Be7 14. Nc3 Ba6
15. b4 cxb4 16. axb4 Bc4 17. Nd2 Rc8 18. f3 Bg5 19. Ne2 Bxe2 20. Kxe2 Rc2 21. g3
Ra2 22. h4 Bd8 23. Ra1 Rxa1 24. Rxa1 Bb6 25. Bxb6 axb6 26. Ra6 Ne7 27. Ra8+ 1-0

[Event "Challenge"]
[Site "http://www.queenalice.com/game.php?id=1759716"]
[Date "2021.5.17"]
[Round "-"]
[White "australia"]
[Black "roseej"]
[Result "0-1"]
[WhiteElo "1734"]
[BlackElo "1743"]

1. e4 c5 2. Nf3 d6 3. h3 Nf6 4. Nc3 a6 5. Ne2 Nxe4 6. d3 Nf6 7. c3 e5 8. Ng3 Nc6
9. Ng5 h6 10. Nf3 Be6 11. Be2 Be7 12. O-O O-O 13. Bd2 d5 14. Nh2 Qc7 15. Qc2 Bd6
16. Nh5 Nxh5 17. Bxh5 f5 18. Qc1 e4 19. g3 Rf6 20. Be2 exd3 21. Bxd3 c4 22. Be2
g5 23. Bxg5 hxg5 24. Qxg5+ Qg7 25. Qxg7+ Kxg7 26. Rad1 Rg8 27. f4 Rh6 28. h4 Kf8
29. Rf3 Rxh4 30. Kh1 Rh3 31. Kg2 Rh4 32. Re3 Kf7 33. Nf3 Rxf4 34. Rh1 Rxg3+ 35.
Kxg3 Rg4+ 36. Kh3 Rg3+ 37. Kh4 Kf6 38. Bd1 Ne5 39. Kxg3 Ng4+ 40. Kh4 Nxe3 41.
Be2 Ng2+ 42. Kh5 Nf4+ 43. Kh4 Nxe2 44. Ng5 Bg3+ 45. Kh5 Bf7+ 46. Nxf7 Kxf7 47.
Kg5 Ke6 48. Rh8 Bd6 49. Re8+ Be7+ 50. Kh6 f4 51. Rg8 f3 52. Rg6+ Kd7 53. Rg7 f2
54. Rf7 Nc1 55. Rxf2 Nxa2 56. Rd2 Nc1 57. Rxd5+ Ke6 58. Rd4 b5 59. Rd1 Nb3 60.
Kh5 b4 61. Kg4 a5 62. Kf4 Bf6 63. Ke4 bxc3 64. bxc3 Bxc3 65. Rd8 a4 66. Rc8 Na5
67. Rb8 a3 68. Rb6+ Kd7 69. Kd5 a2 70. Rd6+ Kc7 0-1

[Event "AUTO-ADV-4500"]
[Site "http://www.queenalice.com/game.php?id=1759808"]
[Date "2021.5.18"]
[Round "1"]
[White "atbn"]
[Black "roseej"]
[Result "0-1"]
[WhiteElo "1883"]
[BlackElo "1759"]

1. d4 Nf6 2. Nf3 Nc6 3. c4 e6 4. Nc3 d5 5. cxd5 exd5 6. e3 a6 7. a3 Bd6 8. Bd3
h6 9. Qb3 b5 10. Nxd5 Nxd5 11. Be4 Be6 12. Qc2 Qd7 13. Bd2 f5 14. Bd3 g5 15. Rc1
Nce7 16. e4 fxe4 17. Bxe4 O-O-O 18. Ba5 Bf4 19. Rd1 Nc6 20. O-O Nxa5 21. Ne5
Bxe5 22. dxe5 Nc4 23. h3 c6 24. Bxd5 Bxd5 25. Rd3 Nxe5 26. Re3 Rhe8 27. Qc5 Nc4
0-1

[Event "AUTO-ADV-4500"]
[Site "http://www.queenalice.com/game.php?id=1759809"]
[Date "2021.5.18"]
[Round "1"]
[White "roseej"]
[Black "atbn"]
[Result "1-0"]
[WhiteElo "1762"]
[BlackElo "1864"]

1. e4 e5 2. Nf3 Nc6 3. Nc3 Nf6 4. d4 exd4 5. Nxd4 Nxd4 6. Qxd4 d6 7. Bc4 Be6 8.
Bxe6 fxe6 9. e5 Nd5 10. Nxd5 exd5 11. Qxd5 c6 12. Qe6+ Qe7 13. Qxe7+ Bxe7 14.
Bf4 dxe5 15. Bxe5 Kf7 16. O-O-O Rhd8 17. Rxd8 Rxd8 18. f4 Bf6 19. Bxf6 Kxf6 20.
Rf1 h5 21. g3 Kf5 22. Re1 Rd7 23. Re5+ Kg4 24. Rg5+ Kf3 25. Rxh5 Ke2 26. Re5+
Kf3 27. c4 Kg2 28. Rh5 Kf3 29. f5 Kg4 30. Rh4+ Kxf5 31. h3 g5 32. Rh5 Kg6 33. g4
Rf7 34. b3 Rf2 35. Kb1 b5 36. cxb5 cxb5 37. Rh8 Rh2 38. Ra8 Rxh3 39. Rxa7 Rg3
40. Ra6+ 1-0

[Event "AUTO-ADV-4500"]
[Site "http://www.queenalice.com/game.php?id=1759822"]
[Date "2021.5.18"]
[Round "1"]
[White "roseej"]
[Black "fabricioprado"]
[Result "0-1"]
[WhiteElo "1781"]
[BlackElo "1712"]

1. Nf3 d5 2. c4 c6 3. e3 Bf5 4. Ne5 Bg6 5. Nxg6 fxg6 6. b3 Nf6 7. d3 e6 8. Be2
Be7 9. Ba3 O-O 10. Bxe7 Qxe7 11. Qd2 Nbd7 12. O-O dxc4 13. bxc4 Nb6 14. Bd1 Rad8
15. a4 Ne4 16. Qa5 Ng5 17. Qxa7 Qc7 18. a5 Nd7 19. a6 Ra8 20. Qd4 bxa6 21. h4 e5
22. Qg4 Nf7 23. f4 Nh6 24. Qe6+ Kh8 25. Bf3 Rf6 26. Qh3 exf4 27. exf4 Nf5 28.
Bg4 Re8 29. Nd2 Re3 30. Rf3 Rxf3 31. Qxf3 Nxh4 32. Qe3 Nf5 33. Qe8+ Rf8 34. Re1
Qd8 35. Qxd8 Rxd8 36. Ne4 Nb6 37. Bxf5 gxf5 38. Ng5 Kg8 39. Re6 Rc8 40. c5 Nd5
41. g3 h6 42. Nf3 Kf7 43. Nd4 Nb4 44. Re5 Nxd3 45. Rxf5+ Kg6 46. g4 h5 47. gxh5+
Kh6 48. Rg5 Nxf4 49. Rg4 g5 50. Nf5+ Kxh5 51. Rg3 Ne2+ 52. Kf2 Nxg3 53. Kxg3 Rf8
54. Ne7 Rf6 55. Nc8 Rf5 56. Nd6 Rxc5 57. Ne4 Rc4 58. Nf6+ Kg6 59. Ng4 Rxg4+ 60.
Kxg4 a5 0-1

[Event "AUTO-ADV-4500"]
[Site "http://www.queenalice.com/game.php?id=1759823"]
[Date "2021.5.18"]
[Round "1"]
[White "fabricioprado"]
[Black "roseej"]
[Result "1-0"]
[WhiteElo "1774"]
[BlackElo "1758"]

1. e4 e5 2. Nf3 Nc6 3. Bc4 Bc5 4. Nc3 Qe7 5. O-O Nf6 6. d3 h6 7. Nd5 Nxd5 8.
Bxd5 Nd4 9. c3 Nxf3+ 10. Qxf3 f6 11. Qh5+ Kd8 12. b4 c6 13. Bb3 Bb6 14. a4 a5
15. Be3 Bxe3 16. fxe3 d6 17. b5 Be6 18. c4 c5 19. Qe2 b6 20. Rad1 h5 21. d4 Bg4
22. Rf3 Bxf3 23. Qxf3 Kc7 24. dxc5 bxc5 25. Rb1 Kb6 26. Ba2 g5 27. Qf2 h4 28. h3
Rag8 29. Rd1 Rd8 30. Qd2 Rhg8 31. Qd5 Qb7 32. Qe6 Rgf8 33. Rxd6+ Ka7 34. Ra6+
Kb8 35. Rb6 Rd1+ 36. Kh2 Rd7 37. Rxb7+ Rxb7 38. Qd6+ 1-0

[Event "AUTO-ADV-4500"]
[Site "http://www.queenalice.com/game.php?id=1759824"]
[Date "2021.5.18"]
[Round "1"]
[White "roseej"]
[Black "Pin"]
[Result "1-0"]
[WhiteElo "1732"]
[BlackElo "1990"]

1. e4 c5 2. c3 e6 3. d4 cxd4 4. cxd4 d6 5. Nf3 Be7 6. Nc3 Nc6 7. a3 Nf6 8. h3
O-O 9. Be2 Bd7 10. Be3 Rc8 11. O-O a6 12. d5 Ne5 13. Nxe5 dxe5 14. d6 1-0

[Event "AUTO-ADV-4500"]
[Site "http://www.queenalice.com/game.php?id=1759825"]
[Date "2021.5.18"]
[Round "1"]
[White "Pin"]
[Black "roseej"]
[Result "1-0"]
[WhiteElo "2074"]
[BlackElo "1733"]

1. e4 e5 2. Nf3 Nc6 3. Bb5 a6 4. Ba4 Nf6 5. Nc3 Bd6 6. O-O b5 7. Bb3 Nd4 8. Nxd4
exd4 9. Nd5 Nxe4 10. Qe2 f5 11. d3 Qh4 12. g3 Bxg3 13. fxg3 1-0

[Event "AUTO-OPEN-4281"]
[Site "http://www.queenalice.com/game.php?id=1760059"]
[Date "2021.5.20"]
[Round "1"]
[White "profeta"]
[Black "roseej"]
[Result "0-1"]
[WhiteElo "1431"]
[BlackElo "1726"]

1. e4 c5 2. d4 e6 3. d5 d6 4. Nc3 a6 5. Nf3 h6 6. Bc4 b5 7. Be2 Bd7 8. e5 b4 9.
Ne4 f5 10. Ng3 Ne7 11. b3 Nxd5 12. exd6 Nc3 13. Qd3 Bb5 14. Qd2 Nxe2 15. Nxe2
Qxd6 16. Qxd6 Bxd6 17. c4 bxc3 18. Nxc3 Bd3 19. g3 g5 20. Ba3 Nd7 21. Rd1 g4 22.
Rxd3 Ne5 23. Rxd6 Nxf3+ 24. Kf1 Ke7 25. Bxc5 Rac8 26. Rc6+ Kf7 27. Rxa6 Rxc5 28.
Na4 Rc1+ 29. Kg2 Rhc8 30. Rxc1 Rxc1 31. Ra7+ Kg6 32. Nb2 Rg1# 0-1

[Event "AUTO-OPEN-4281"]
[Site "http://www.queenalice.com/game.php?id=1760060"]
[Date "2021.5.20"]
[Round "1"]
[White "roseej"]
[Black "profeta"]
[Result "1-0"]
[WhiteElo "1724"]
[BlackElo "1554"]

1. e4 e5 2. Nf3 Nc6 3. Nc3 Bb4 4. a3 Bxc3 5. dxc3 Nf6 6. Bd3 h6 7. h3 a6 8. Be3
d6 9. O-O O-O 10. Qd2 b5 11. b4 Bb7 12. a4 bxa4 13. Rxa4 a5 14. b5 Ne7 15. Rfa1
c5 16. Rb1 g5 17. Nh2 Nh5 18. Ng4 Nf4 19. Bc4 Kg7 20. f3 f5 21. exf5 Nxf5 22.
Bxf4 gxf4 23. Qf2 Qh4 24. Qxh4 Nxh4 25. Rd1 e4 26. Rxd6 Rfd8 27. Rxh6 Rd1+ 28.
Bf1 exf3 29. Rxh4 fxg2 30. Rxf4 gxf1=Q+ 31. Rxf1 Rxf1+ 32. Kxf1 Be4 33. Ne3 Rf8+
34. Kg1 Rf3 35. Rg4+ Bg6 36. Nc4 Kf6 37. Rxg6+ Kf5 38. b6 Ke4 39. Nd2+ Kf5 40.
Nxf3 Kxg6 41. b7 a4 42. b8=Q a3 43. Qe8+ Kf5 44. Qe5+ Kg6 45. h4 c4 46. h5+ Kh6
47. Qh8# 1-0

[Event "AUTO-OPEN-4281"]
[Site "http://www.queenalice.com/game.php?id=1760085"]
[Date "2021.5.20"]
[Round "1"]
[White "Biagio"]
[Black "roseej"]
[Result "0-1"]
[WhiteElo "1424"]
[BlackElo "1728"]

1. d4 d5 2. Nf3 Nc6 3. Bf4 f6 4. e3 a6 5. c3 g5 6. Bg3 h5 7. h3 h4 8. Bh2 Bf5 9.
Bd3 Qd7 10. Bxf5 Qxf5 11. Bxc7 g4 12. hxg4 Qxg4 13. Nbd2 Qxg2 14. Rg1 Qh3 15.
Qc2 Kd7 16. Bh2 b5 17. e4 dxe4 18. Qxe4 Qe6 19. d5 Qxe4+ 20. Nxe4 Ne5 21. Bxe5
fxe5 22. Nxe5+ Ke8 23. Ke2 Nf6 24. Nxf6+ exf6 25. Ng6 Rh5 0-1

[Event "AUTO-OPEN-4281"]
[Site "http://www.queenalice.com/game.php?id=1760086"]
[Date "2021.5.20"]
[Round "1"]
[White "roseej"]
[Black "Biagio"]
[Result "1-0"]
[WhiteElo "1724"]
[BlackElo "1428"]

1. e4 c6 2. d4 d5 3. Nc3 dxe4 4. Nxe4 Nf6 5. Nxf6+ exf6 6. Be3 Bd6 7. Nf3 O-O 8.
Bd3 Re8 9. O-O Bg4 10. h3 Bh5 11. g4 Bg6 12. Bxg6 hxg6 13. c4 Nd7 14. c5 Be7 15.
b4 f5 16. Qb3 fxg4 17. hxg4 Nf6 18. Ne5 Nd5 19. Nf3 Bf6 20. g5 Qd7 21. Nh2 Nxe3
22. fxe3 Bxg5 23. Rf3 Re7 24. Raf1 Rae8 25. Rxf7 Rxf7 26. Rxf7 1-0

[Event "AUTO-OPEN-4281"]
[Site "http://www.queenalice.com/game.php?id=1760101"]
[Date "2021.5.20"]
[Round "1"]
[White "pomar"]
[Black "roseej"]
[Result "1-0"]
[WhiteElo "1952"]
[BlackElo "1731"]

1. f3 e5 2. Kf2 Bc5+ 3. e3 Nc6 4. g3 Nf6 5. c4 e4 6. Nc3 exf3 7. Qxf3 O-O 8. Bh3
Ne5 9. Qe2 d5 10. cxd5 Nxd5 11. d4 Qf6+ 12. Kg2 Bxh3+ 13. Nxh3 Nxc3 14. bxc3
Qc6+ 15. e4 Bxd4 16. cxd4 Qc3 17. Bb2 Qd3 18. Rhe1 Qxe2+ 19. Rxe2 1-0

[Event "AUTO-OPEN-4281"]
[Site "http://www.queenalice.com/game.php?id=1770989"]
[Date "2021.9.28"]
[Round "2"]
[White "pomar"]
[Black "roseej"]
[Result "1/2-1/2"]
[WhiteElo "1901"]
[BlackElo "1758"]

1. f3 e5 2. Kf2 d5 3. e3 Nc6 4. g3 Nf6 5. c4 d4 6. d3 dxe3+ 7. Bxe3 Nd4 8. Nc3
a6 9. Nge2 Bc5 10. Ne4 Nxe4+ 11. dxe4 Qd6 12. Bxd4 exd4 13. a3 d3+ 14. Kg2 dxe2
15. Bxe2 Qxd1 16. Rhxd1 Be6 17. b4 Be7 18. f4 Rd8 19. f5 Rxd1 20. Rxd1 Bc8 21.
g4 O-O 22. e5 Rd8 23. Kg3 Rxd1 24. Bxd1 f6 25. e6 g6 26. h4 Kg7 27. Kf4 Bd6+ 28.
Ke4 b6 29. Kd4 c6 30. c5 bxc5+ 31. bxc5 Be7 32. Bf3 1/2-1/2

[Event "AUTO-OPEN-4281"]
[Site "http://www.queenalice.com/game.php?id=1770990"]
[Date "2021.9.28"]
[Round "2"]
[White "roseej"]
[Black "pomar"]
[Result "0-1"]
[WhiteElo "1780"]
[BlackElo "1906"]

1. e4 e6 2. Nc3 d5 3. Nf3 Bb4 4. exd5 exd5 5. Qe2+ Ne7 6. Nxd5 Qxd5 7. Qb5+ Qxb5
8. Bxb5+ c6 9. Bc4 O-O 10. c3 Ba5 11. b3 Bc7 0-1

[Event "AUTO-OPEN-4281"]
[Site "http://www.queenalice.com/game.php?id=1770999"]
[Date "2021.9.28"]
[Round "2"]
[White "roseej"]
[Black "Rafale2000"]
[Result "1-0"]
[WhiteElo "1757"]
[BlackElo "2010"]

1. e4 Nf6 2. Nc3 d5 3. e5 d4 4. exf6 dxc3 5. fxg7 cxd2+ 6. Bxd2 Bxg7 7. c3 c6 8.
Qf3 Nd7 9. Qe3 Qb6 10. Qxb6 Nxb6 11. f4 Bf5 12. Nf3 O-O-O 13. Ne5 Bxe5 14. fxe5
Bd3 15. O-O-O Nc4 16. Bxd3 Rxd3 17. Bg5 Rxd1+ 18. Rxd1 e6 19. Bf4 Rg8 20. Rd4
Nb6 21. g3 Nd5 22. Bh6 Ne3 23. Bxe3 Kc7 24. Rh4 Rg7 25. Bxa7 Rg5 26. Rxh7 Rf5
27. Kd2 b6 28. Rh8 Kb7 29. Bb8 Rf2+ 30. Kc1 f6 31. exf6 Rxf6 32. Bf4 c5 33. Rh6
1-0

[Event "AUTO-OPEN-4281"]
[Site "http://www.queenalice.com/game.php?id=1771000"]
[Date "2021.9.28"]
[Round "2"]
[White "Rafale2000"]
[Black "roseej"]
[Result "1-0"]
[WhiteElo "2026"]
[BlackElo "1762"]

1. e4 e5 2. Nf3 Nc6 3. d4 exd4 4. Bc4 Be7 5. Nxd4 Ne5 6. Bb3 g6 7. f4 Nc6 8. O-O
Bc5 9. c3 Nge7 10. Be3 Na5 11. Nd2 Nxb3 12. N2xb3 Bb6 13. Nc2 c6 14. Bd4 Bxd4+
15. Qxd4 O-O 16. Rad1 f6 17. Nc5 b6 18. Ne6 c5 19. Qd6 dxe6 20. Qxd8 Rxd8 21.
Rxd8+ Kg7 22. Ne3 1-0

[Event "AUTO-OPEN-4281"]
[Site "http://www.queenalice.com/game.php?id=1771001"]
[Date "2021.9.28"]
[Round "2"]
[White "roseej"]
[Black "AsterixTwin"]
[Result "0-1"]
[WhiteElo "1783"]
[BlackElo "2553"]

1. e4 e6 2. Nf3 d5 3. e5 c5 4. d4 cxd4 5. Qxd4 Nc6 6. Qa4 Bd7 7. c3 Nxe5 8. Qf4
Nxf3+ 9. Qxf3 f5 10. Be3 Nf6 11. Nd2 Bc6 12. Bd4 Bd6 13. Bxf6 Qxf6 14. Qd3 O-O
15. Nf3 e5 16. Qd2 e4 17. Nd4 Be5 18. Nxc6 bxc6 19. O-O-O Rab8 20. f4 Bd6 21.
Qe3 Rb6 22. Qd4 Bxf4+ 0-1

[Event "AUTO-OPEN-4281"]
[Site "http://www.queenalice.com/game.php?id=1771002"]
[Date "2021.9.28"]
[Round "2"]
[White "AsterixTwin"]
[Black "roseej"]
[Result "1-0"]
[WhiteElo "2557"]
[BlackElo "1764"]

1. e4 e5 2. Nf3 Nc6 3. Bb5 a6 4. Ba4 h6 5. O-O b5 6. Bb3 Nf6 7. d4 Nxe4 8. Nxe5
Nxe5 9. dxe5 Bc5 10. Bxf7+ Kxf7 11. Qd5+ 1-0

[Event "Challenge"]
[Site "http://www.queenalice.com/game.php?id=1772443"]
[Date "2021.10.17"]
[Round "-"]
[White "cristal_negro"]
[Black "roseej"]
[Result "1-0"]
[WhiteElo "1896"]
[BlackElo "1769"]

1. e4 e5 2. Nf3 Nc6 3. c3 Nf6 4. d3 d6 5. Be2 h6 6. Nbd2 b5 7. O-O Be7 8. Nb3
Be6 9. Re1 a6 10. a3 a5 11. a4 b4 12. cxb4 Nxb4 13. Bd2 d5 14. exd5 Qxd5 15. Nc1
e4 16. dxe4 Nxe4 17. b3 Nxd2 18. Nxd2 Qd4 19. Na2 Bc5 20. Qc1 Qxf2+ 21. Kh1 Bd5
22. Bc4+ Be3 23. Bxd5 Nxd5 24. Nc4 Nf4 25. Nxe3 O-O-O 26. Rf1 1-0